MARC
| LEADER | 00000nam a2200000 a 4500 | ||
|---|---|---|---|
| 001 | UCY3393 | ||
| 003 | CL-VaPUC | ||
| 008 | 941226e19690000FR |||||||||||||||||fre|d | ||
| 082 | 0 | 4 | |a 597.092 |b THI |2 21 |
| 100 | 0 | |a Thines, Georges |e author |9 331668 | |
| 245 | 1 | 2 | |a L'evolution regresive des poissons cavernicoles et abyssaux |
| 300 | |a 394 p | ||
| 942 | |c BK | ||
| 945 | |d 19941226 00:00:00 |a mfernand | ||
| 260 | |a París |b Masson |c 1969 | ||
| 650 | 7 | |a PECES DE AGUAS PROFUNDAS |2 CL-VaPUC |9 261819 | |
| 583 | |a last modification |c 19941226 00:00:00 |k Rodrigo Vera | ||
| 999 | |c 231544 |d 231542 | ||